Statistics for Countries Along the Pan-American Highway (with a Map)

Click here to take the quiz!

General Stats

  • This quiz has been taken 35 times
  • The average score is 16 of 17

Answers on the Map

Answers color-coded by a green-red scale on the quiz's map according to % correct below.
 

Answer Stats

Country% Correct
United States
100%
Argentina
96%
Canada
96%
Chile
96%
Colombia
96%
Costa Rica
96%
Ecuador
96%
El Salvador
96%
Guatemala
96%
Honduras
96%
Mexico
96%
Nicaragua
96%
Panama
96%
Peru
96%
United States
96%
Argentina
93%
Chile
93%

Score Distribution

Percentile by Number Answered

Percent of People with Each Score

Your Score History

You have not taken this quiz